[Event "Budapest-chT1 Lilienthal 1011"]
[Site "Budapest"]
[Date "2010.12.12"]
[Round "6"]
[White "Miskolczi, Tamas"]
[Black "Havaskori, Laszlo"]
[Result "1-0"]
[WhiteElo "1950"]
[BlackElo "2106"]
[PlyCount "91"]
[EventDate "2010.09.19"]
[EventType "team-tourn"]
[EventRounds "11"]
[EventCountry "HUN"]
[SourceTitle "EXT 2020"]
[Source "ChessBase"]
[SourceDate "2019.10.17"]
[SourceVersion "1"]
[SourceVersionDate "2019.10.17"]
[SourceQuality "1"]
[WhiteTeam "Budapest Vasas II"]
[BlackTeam "Penzugyor III"]
[WhiteTeamCountry "HUN"]
[BlackTeamCountry "HUN"]

1. e4 e6 2. d4 d5 3. Nd2 Nf6 4. e5 Nfd7 5. Bd3 c5 6. c3 Nc6 7. Ndf3 Qb6 8. Ne2 cxd4 9. cxd4 Bb4+ 10. Bd2 Bxd2+ 11. Qxd2 Qb4 12. 0-0 Qxd2 13. Nxd2 Nb4 14. Bb5 a6 15. a3 Nc6 16. Bd3 0-0 17. Rfc1 f6 18. f4 Nb6 19. b4 Bd7 20. Nb3 fxe5 21. fxe5 Nd8 22. Rc7 Rc8 23. Rac1 Rxc7 24. Rxc7 Bc6 25. Na5 Na8 26. Re7 Rf7 27. Nxc6 Nxc6 28. Rxe6 Nc7 29. Rd6 g6 30. Bc2 Kg7 31. Bb3 Ne7 32. Nc3 Nf5 33. e6 Nxd6 34. exf7 Kxf7 35. Nxd5 Nxd5 36. Bxd5+ Ke7 37. Kf2 b6 38. Ke3 Nf5+ 39. Ke4 Kd6 40. Bc4 a5 41. g4 Ng7 42. g5 axb4 43. axb4 Ne6 44. Bxe6 Kxe6 45. d5+ Kd6 46. Kd4 1-0